• 首页
  • 本馆介绍
  • 公告通知
  • 最新文献
  • 馆藏检索
  • 电子资源
  • 读者导购
  • 参考咨询
  • 我的图书馆
  • 登录
  • 详细信息显示
  • 放入我的书架
  • 预约/预借图书
  • 作者相关作品
  • 分类相关作品
  • 丛书相关作品
  • 出版社相关作品

书目信息

  • 表格格式
  • 工作单格式
  • 卡片格式
题名:
通胀来了,你准备好了吗
    
 
作者: 严行方 著
分册:  
出版信息: 北京   中国铁道出版社  2011
页数: 222页
开本: 24cm
丛书名:
单 册:
中图分类: F822.5
科图分类:
主题词: 通货膨胀--研究--中国 , 通货膨胀
电子资源:
ISBN: 978-7-113-13342-9
000 00897nam0 22002411 450
001 519
005 20140909101826.06
010    @a978-7-113-13342-9@dCNY32.00
100    @a20111104d2011 em y0chiy50 ea
101 0  @achi
102    @aCN@b110000
105    @ay z 000yy
106    @ar
200 1  @a通胀来了,你准备好了吗@ATong Zhang Lai Le Ni Zhun Bei Hao Le Ma@f严行方著@FYan Xing Fang Zhu
210    @a北京@c中国铁道出版社@d2011
215    @a222页@d24cm
330    @a全书分三篇,内容包括:什么是通货膨胀、为什么会出现通货膨胀、怎样战胜通货膨胀。涉及通货膨胀的确切含义、什么叫CPI、什么叫核心CPI、CPI权重及其调整、通货膨胀和物价上涨的关系、通货膨胀的标志、结构性通胀就是全面通胀等内容。
606 0  @a通货膨胀@x研究@y中国
606 0  @a通货膨胀
690    @aF822.5@v5
701  0 @a严行方@AYan Hang Fang@f(1963~)@4著
801  0 @aCN@bTANGWEI@c20140603
905    @b0837069-71@dF822.5@e75@f3
    
    通胀来了,你准备好了吗/严行方著.-北京:中国铁道出版社,2011
    222页;24cm
    
    
    ISBN 978-7-113-13342-9:CNY32.00
    全书分三篇,内容包括:什么是通货膨胀、为什么会出现通货膨胀、怎样战胜通货膨胀。涉及通货膨胀的确切含义、什么叫CPI、什么叫核心CPI、CPI权重及其调整、通货膨胀和物价上涨的关系、通货膨胀的标志、结构性通胀就是全面通胀等内容。
●
相关链接 在E读中查询图书 在五车中查询图书 在当当中查询图书 在豆瓣中查询图书


正题名:通胀来了,你准备好了吗     索取号:F822.5/75         预约/预借

序号 登录号 条形码 馆藏地/架位号 状态 备注
1 0837069   208370699   第一样本阅览室/ [索取号:F822.5/75] 在馆    
2 0837070   208370706   第一借阅区/ [索取号:F822.5/75] 在馆    
3 0837071   208370715   密集书库-海洋学院/ [索取号:F822.5/75] 在馆    
唐山师范学院图书馆 欢迎您!
大连网信软件有限公司© 版权所有